دليل المتحف العراقي / (رقم التسجيلة. 5291)

تفاصيل مارك
000 -LEADER
fixed length control field 00512nam a22001697a 4500
005 - DATE AND TIME OF LATEST TRANSACTION
control field 20251108164150.0
008 - FIXED-LENGTH DATA ELEMENTS--GENERAL INFORMATION
fixed length control field 250721s1966 xx 000 0 ara d
082 14 - DEWEY DECIMAL CLASSIFICATION NUMBER
Classification number 069.09563/ع
245 10 - TITLE STATEMENT
Title دليل المتحف العراقي /
264 1# - PRODUCTION, PUBLICATION, DISTRIBUTION, MANUFACTURE, AND COPYRIGHT NOTICE
Place of production, publication, distribution, manufacture بغداد :
Name of producer, publisher, distributor, manufacturer وزارة الثقافة و الإرشاد،
Date of production, publication, distribution, manufacture, or copyright notice 1966.
300 ## - PHYSICAL DESCRIPTION
Extent 150ص : مصور
650 17 - SUBJECT ADDED ENTRY--TOPICAL TERM
Topical term or geographic name as entry element المتاحف
650 17 - SUBJECT ADDED ENTRY--TOPICAL TERM
Topical term or geographic name as entry element العراق
710 2# - ADDED ENTRY--CORPORATE NAME
Corporate name or jurisdiction name as entry element العراق - مديرية الاثار العامة
942 ## - ADDED ENTRY ELEMENTS (KOHA)
Source of classification or shelving scheme Dewey Decimal Classification
Koha item type كتب
المقتنيات
حالة السحب حالة الفقدان مصدر التصنيف حالة التلف غير قابل للإعارة المكتبة الرئيسية المكتبة الحالية موقع الرف تاريخ التزويد الرقم المتسلسل Total Checkouts رقم الإستدعاء تاريخ آخر ظهور تاريخ الفاتورة نوع المادة (كوها)
    Dewey Decimal Classification Unchecked   مكتبة الحسن العامة مكتبة الحسن العامة الإعارة 06/07/2004 2401   069.09563/ع 28/07/2025 06/07/2004 كتب
Implemented & Customized by: BBB with SCIT (Smart Chains for Information Technology)

Powered by Koha